Statistics for Countries by a Single Clue #11

Click here to take the quiz!

General Stats

  • This quiz has been taken 30,937 times
  • The average score is 13 of 20

Answer Stats

ClueCountry% Correct
Has the cities of Ghent, Antwerp, and BrugesBelgium
94%
Has the largest economy in EuropeGermany
89%
Transylvania is part of this countryRomania
88%
Where the movie "The Sound of Music" was setAustria
83%
Controlled almost 25% of the world's land area in 1920United Kingdom
82%
The largest country in Africa until 2011Sudan
79%
Scheduled to host the World Cup in 2022, despite international oppositionQatar
77%
In 2011, a woman was sentenced to 10 lashes for the crime of driving.
(The decision was overturned by the King).
Saudi Arabia
77%
Hamlet was a (fictional) prince of this countryDenmark
73%
Country where Osama bin Laden was killed in 2011Pakistan
71%
Its largest island is Baffin IslandCanada
70%
Closest country to Australia, geographicallyPapua New Guinea
70%
Location of Lake Garda and Lake ComoItaly
66%
Country from which Russia leases its spaceport, the Baikonur CosmodromeKazakhstan
57%
Home to the cities of Chiang Mai and Chiang RaiThailand
56%
Once led by emperor Haile SelassieEthiopia
50%
Former first lady Imelda Marcos had thousands of pairs of shoesPhilippines
45%
Its capital starts with B and its largest city starts with ZSwitzerland
44%
Had ten days in a week from 1793 to 1805France
31%
The only country to be kicked out of the United Nations (in 1971)Taiwan
26%

Score Distribution

Percentile by Number Answered

Percent of People with Each Score

Your Score History

You have not taken this quiz